[Event "Oberliga Ost-B 2122"]
[Site "Germany"]
[Date "2022.07.03"]
[Round "7.1"]
[White "Braun, Vitali"]
[Black "Galdunts, Sergey"]
[Result "1/2-1/2"]
[WhiteElo "2345"]
[BlackElo "2413"]
[PlyCount "22"]
[EventDate "2021.10.10"]
[EventType "team-tourn"]
[EventRounds "11"]
[EventCountry "GER"]
[SourceTitle "EXT 2023"]
[Source "ChessBase"]
[SourceDate "2022.10.05"]
[SourceVersion "1"]
[SourceVersionDate "2022.10.05"]
[SourceQuality "1"]
[WhiteTeam "Griesheim"]
[BlackTeam "Moerlenbach Birkenau"]
[WhiteTeamCountry "GER"]
[BlackTeamCountry "GER"]

1. d4 d5 2. c4 e6 3. Nc3 Nf6 4. cxd5 exd5 5. Bg5 c6 6. e3 h6 7. Bh4 Be7 8. Bd3 0-0 9. Nge2 Re8 10. 0-0 Nbd7 11. Qc2 Nh5 1/2-1/2

[Event "Oberliga Ost-B 2122"]
[Site "Germany"]
[Date "2022.05.22"]
[Round "5.2"]
[White "Galdunts, Sergey"]
[Black "Nguyen, Huy Dat"]
[Result "1-0"]
[WhiteElo "2413"]
[BlackElo "2163"]
[PlyCount "97"]
[EventDate "2021.10.10"]
[EventType "team-tourn"]
[EventRounds "11"]
[EventCountry "GER"]
[SourceTitle "EXT 2023"]
[Source "ChessBase"]
[SourceDate "2022.10.05"]
[SourceVersion "1"]
[SourceVersionDate "2022.10.05"]
[SourceQuality "1"]
[WhiteTeam "Moerlenbach Birkenau"]
[BlackTeam "Erfurt Medizin"]
[WhiteTeamCountry "GER"]
[BlackTeamCountry "GER"]

1. e4 c5 2. Nf3 e6 3. d4 cxd4 4. Nxd4 a6 5. Be2 Nf6 6. Nc3 Qc7 7. 0-0 d6 8. f4 Nbd7 9. a4 b6 10. Bf3 Bb7 11. Qe2 Rc8 12. Be3 Be7 13. Rad1 0-0 14. g4 Rfd8 15. g5 Ne8 16. Bg2 Qc4 17. Qh5 Qb4 18. f5 e5 19. Nb3 Bf8 20. Rd3 g6 21. fxg6 hxg6 22. Qh4 Bg7 23. Rf2 Nf8 24. Bd2 Qc4 25. Rdf3 Rc7 26. Bf1 Qe6 27. Be3 d5 28. exd5 Bxd5 29. Nxd5 Rxd5 30. Bxa6 Rd1+ 31. Kg2 Rb1 32. Nd2 Rxb2 33. Bd3 Nd6 34. Ne4 Nxe4 35. Qxe4 Qd6 36. Bc4 Ne6 37. Bb3 Rb1 38. Qa8+ Bf8 39. Qe4 Re1 40. Qh4 Qc6 41. Bxe6 Qxe6 42. Rd2 Rc1 43. Rh3 f5 44. Qh8+ Kf7 45. Rh7+ Ke8 46. Rd8+ Kxd8 47. Qxf8+ Qe8 48. Qd6+ Rd7 49. Qb8# 1-0

[Event "Oberliga Ost-B 2122"]
[Site "Germany"]
[Date "2022.05.21"]
[Round "4.3"]
[White "Galdunts, Sergey"]
[Black "Urban, Lars"]
[Result "1-0"]
[WhiteElo "2413"]
[BlackElo "2201"]
[PlyCount "149"]
[EventDate "2021.10.10"]
[EventType "team-tourn"]
[EventRounds "11"]
[EventCountry "GER"]
[SourceTitle "EXT 2023"]
[Source "ChessBase"]
[SourceDate "2022.10.05"]
[SourceVersion "1"]
[SourceVersionDate "2022.10.05"]
[SourceQuality "1"]
[WhiteTeam "Moerlenbach Birkenau"]
[BlackTeam "Erfurt Empor"]
[WhiteTeamCountry "GER"]
[BlackTeamCountry "GER"]

1. e4 e6 2. d3 d5 3. Nd2 Nf6 4. Ngf3 Nc6 5. c3 e5 6. b4 Bd6 7. Bb2 0-0 8. g3 dxe4 9. dxe4 Qe7 10. Qc2 a5 11. a3 Bg4 12. Be2 Nd7 13. 0-0 f5 14. exf5 Bxf5 15. Ne4 Kh8 16. Rfe1 axb4 17. axb4 Rxa1 18. Bxa1 Nf6 19. Bd3 Nxe4 20. Bxe4 Bxe4 21. Qxe4 Qf6 22. Kg2 Nd8 23. Re2 c6 24. Nxe5 Bxe5 25. Qxe5 Qf3+ 26. Kg1 Nf7 27. Qe3 Qf5 28. Qc5 Qb1+ 29. Kg2 Kg8 30. Bb2 Qd3 31. Qe3 Qxe3 32. Rxe3 Nd6 33. Rd3 Nc4 34. Bc1 Ra8 35. Rd7 Ra1 36. Bf4 Ra3 37. Rxb7 Rxc3 38. h4 h6 39. h5 Rb3 40. Kh3 Kh7 41. Kg2 Kg8 42. Bc7 Rd3 43. Bb8 Rd5 44. g4 Ne5 45. Bxe5 Rxe5 46. Kf3 Re6 47. Rc7 Kf8 48. Kf4 Kg8 49. f3 Kh7 50. Kf5 Rd6 51. Ke5 Rd5+ 52. Ke4 Rb5 53. Rxc6 Rxb4+ 54. Ke5 Rb5+ 55. Kd4 Rb3 56. f4 Rg3 57. Rg6 Kg8 58. Ke4 Kf7 59. Kf5 Ra3 60. Re6 Ra5+ 61. Re5 Ra1 62. Rb5 Ra8 63. Rb7+ Kg8 64. g5 Ra5+ 65. Kg4 hxg5 66. fxg5 Ra4+ 67. Kf3 Ra3+ 68. Ke4 Ra4+ 69. Kd3 Ra5 70. g6 Kf8 71. Rb8+ Ke7 72. h6 Ra3+ 73. Kc4 Ra4+ 74. Kb3 Ra1 75. Kb2 1-0

[Event "Oberliga Ost-B 2122"]
[Site "Germany"]
[Date "2022.04.02"]
[Round "10.2"]
[White "Rolle, Eric"]
[Black "Galdunts, Sergey"]
[Result "0-1"]
[WhiteElo "2146"]
[BlackElo "2413"]
[PlyCount "106"]
[EventDate "2021.10.10"]
[EventType "team-tourn"]
[EventRounds "11"]
[EventCountry "GER"]
[SourceTitle "EXT 2023"]
[Source "ChessBase"]
[SourceDate "2022.10.05"]
[SourceVersion "1"]
[SourceVersionDate "2022.10.05"]
[SourceQuality "1"]
[WhiteTeam "Marburg"]
[BlackTeam "Moerlenbach Birkenau"]
[WhiteTeamCountry "GER"]
[BlackTeamCountry "GER"]

1. c4 f5 2. Nc3 Nf6 3. g3 g6 4. Bg2 Bg7 5. d3 0-0 6. e4 d6 7. Nge2 fxe4 8. Nxe4 Nxe4 9. dxe4 Nc6 10. Rb1 e5 11. 0-0 Bg4 12. Qd5+ Rf7 13. f3 Bc8 14. b4 Qe8 15. Qd3 Be6 16. Be3 Rd7 17. a3 a6 18. Rbc1 Kh8 19. f4 exf4 20. gxf4 Qg8 21. h3 Re8 22. Bd2 g5 23. b5 axb5 24. cxb5 Nd8 25. f5 Ba2 26. Rc2 Be5 27. a4 Bb3 28. Rc3 Bf7 29. a5 h6 30. a6 bxa6 31. bxa6 c6 32. Rcc1 Ra7 33. Ba5 c5 34. Bb6 Ra8 35. Qb5 Re7 36. a7 Be8 37. Qa6 Nc6 38. f6 Rf7 39. Nc3 Nxa7 40. Rf5 Bd7 41. Rxe5 Nb5 42. Qb7 dxe5 43. Nxb5 Rb8 44. Qc7 Bxb5 45. Qxc5 Qe8 46. Rb1 Qc6 47. Qxb5 Qxb5 48. Rxb5 Rxf6 49. Rxe5 Rbxb6 50. Rc5 Rb1+ 51. Kh2 Rf2 52. Kg3 Rd2 53. Bf3 Rg1+ 0-1

[Event "Oberliga Ost-B 1920"]
[Site "Germany"]
[Date "2020.03.01"]
[Round "9.2"]
[White "Galdunts, Sergey"]
[Black "Siebarth, Raiko"]
[Result "1/2-1/2"]
[WhiteElo "2414"]
[BlackElo "2332"]
[PlyCount "38"]
[EventDate "2019.09.29"]
[EventType "team-tourn"]
[EventRounds "11"]
[EventCountry "GER"]
[SourceTitle "EXT 2023"]
[Source "ChessBase"]
[SourceDate "2022.10.05"]
[SourceVersion "1"]
[SourceVersionDate "2022.10.05"]
[SourceQuality "1"]
[WhiteTeam "Moerlenbach Birkenau"]
[BlackTeam "Stadtilm Blau Weiss"]
[WhiteTeamCountry "GER"]
[BlackTeamCountry "GER"]

1. e4 c5 2. Nf3 d6 3. d4 cxd4 4. Nxd4 Nf6 5. Nc3 a6 6. Bc4 e6 7. a4 Qc7 8. Ba2 Nc6 9. 0-0 Bd7 10. Be3 Ne5 11. Qe2 Rc8 12. Rad1 Be7 13. f4 Nc4 14. Bc1 e5 15. fxe5 dxe5 16. Nf5 Bxf5 17. exf5 Nxb2 18. Nd5 Nxd5 19. Rxd5 0-0 1/2-1/2

[Event "Oberliga Ost-B 1920"]
[Site "Germany"]
[Date "2019.12.07"]
[Round "4.2"]
[White "Chojnacki, Krzysztof"]
[Black "Galdunts, Sergey"]
[Result "1/2-1/2"]
[WhiteElo "2375"]
[BlackElo "2414"]
[PlyCount "140"]
[EventDate "2019.09.29"]
[EventType "team-tourn"]
[EventRounds "11"]
[EventCountry "GER"]
[SourceTitle "EXT 2021"]
[Source "ChessBase"]
[SourceDate "2020.10.23"]
[SourceVersion "1"]
[SourceVersionDate "2020.10.23"]
[SourceQuality "1"]
[WhiteTeam "Wiesbaden"]
[BlackTeam "Moerlenbach Birkenau"]
[WhiteTeamCountry "GER"]
[BlackTeamCountry "GER"]

1. d4 d6 2. e4 Nf6 3. Nc3 g6 4. Be3 c6 5. h3 Nbd7 6. f4 e5 7. Nf3 Qa5 8. Bd3 d5 9. fxe5 dxe4 10. exf6 exd3 11. 0-0 Nxf6 12. Ne5 Be7 13. Qxd3 Be6 14. Bg5 Nd5 15. Bxe7 Nxe7 16. Ne4 0-0 17. Nc5 Bf5 18. Qe3 Qc7 19. c4 b6 20. Ne4 Bxe4 21. Qxe4 f6 22. Nf3 Nf5 23. Rfe1 Rad8 24. b3 Rf7 25. Qd3 Rfd7 26. Re4 Nxd4 27. Nxd4 f5 28. Rh4 Qe5 29. Qe2 Qxe2 30. Nxe2 Rd2 31. Kf1 Re8 32. Ng1 Red8 33. Rf4 Rd1+ 34. Rxd1 Rxd1+ 35. Kf2 Rd2+ 36. Ne2 Rxa2 37. Rd4 Kg7 38. Rd6 c5 39. Kf3 Rb2 40. Rd3 Kf7 41. Nf4 g5 42. Nd5 h5 43. h4 gxh4 44. Nc7 Kf6 45. Nb5 Kg5 46. Nxa7 h3 47. gxh3 h4 48. Nc6 Rh2 49. Ne5 Rxh3+ 50. Kg2 Rxd3 51. Nxd3 Kg4 52. Ne5+ Kf4 53. Nd7 Ke4 54. Nxb6 f4 55. Kf2 h3 56. Nd7 Kd4 57. Kf3 h2 58. Kg2 Ke3 59. Kxh2 f3 60. Nf6 f2 61. Ng4+ Ke2 62. Nxf2 Kxf2 63. Kh1 Kf1 64. Kh2 Kf2 65. Kh1 Ke2 66. Kg2 Kd3 67. Kf2 Kc3 68. Ke2 Kxb3 69. Kd2 Kxc4 70. Kc2 Kd4 1/2-1/2

[Event "BL2-Sued 1819"]
[Site "Germany"]
[Date "2019.03.24"]
[Round "10.2"]
[White "Heidenfeld, Mark"]
[Black "Galdunts, Sergey"]
[Result "1/2-1/2"]
[WhiteElo "2356"]
[BlackElo "2418"]
[PlyCount "31"]
[EventDate "2018.11.10"]
[EventType "team-tourn"]
[EventRounds "10"]
[EventCountry "GER"]
[SourceTitle "CBM 190 Extra"]
[Source "ChessBase"]
[SourceDate "2019.07.15"]
[SourceVersion "1"]
[SourceVersionDate "2019.07.15"]
[SourceQuality "1"]
[WhiteTeam "Jedesheim"]
[BlackTeam "Moerlenbach Birkenau"]
[WhiteTeamCountry "GER"]
[BlackTeamCountry "GER"]

1. e4 e5 2. Nf3 Nc6 3. Bb5 a6 4. Bxc6 dxc6 5. 0-0 f6 6. d4 Bg4 7. dxe5 Qxd1 8. Rxd1 fxe5 9. Rd3 Bd6 10. Nbd2 Nf6 11. Nc4 0-0 12. Nfxe5 Be2 13. Rd2 Bxc4 14. Nxc4 Nxe4 15. Re2 Rae8 16. Be3 1/2-1/2

[Event "BL2-Sued 1819"]
[Site "Germany"]
[Date "2019.02.23"]
[Round "7.2"]
[White "Martin, Julian"]
[Black "Galdunts, Sergey"]
[Result "0-1"]
[WhiteElo "2375"]
[BlackElo "2418"]
[PlyCount "82"]
[EventDate "2018.11.10"]
[EventType "team-tourn"]
[EventRounds "10"]
[EventCountry "GER"]
[SourceTitle "CBM 190 Extra"]
[Source "ChessBase"]
[SourceDate "2019.07.15"]
[SourceVersion "1"]
[SourceVersionDate "2019.07.15"]
[SourceQuality "1"]
[WhiteTeam "Baden-Baden II"]
[BlackTeam "Moerlenbach Birkenau"]
[WhiteTeamCountry "GER"]
[BlackTeamCountry "GER"]

1. e4 e5 2. Nf3 Nc6 3. Nc3 Nf6 4. Bb5 Bb4 5. 0-0 0-0 6. d3 Bxc3 7. bxc3 d6 8. Bg5 Qe7 9. Re1 Nd8 10. d4 Ne6 11. Bc1 c6 12. Bf1 Qc7 13. Nh4 Re8 14. Nf5 g6 15. Ng3 Bd7 16. Qf3 Qd8 17. Rd1 Qe7 18. h3 Kg7 19. Qe3 c5 20. Qh6+ Kh8 21. Bc4 Ng8 22. Qd2 Rad8 23. Bxe6 Bxe6 24. f4 Bc4 25. Qf2 f6 26. Be3 b6 27. a4 a5 28. Rab1 Qc7 29. Rd2 Kg7 30. Rbd1 h6 31. dxc5 dxc5 32. Rxd8 Rxd8 33. Re1 Qc6 34. f5 g5 35. h4 Qxa4 36. Nh5+ Kf7 37. hxg5 hxg5 38. Qg3 Qxc2 39. Bxg5 Rd1 40. Bd2 Qxd2 41. Qg7+ Ke8 0-1

[Event "BL2-Sued 1718"]
[Site "Germany"]
[Date "2018.02.04"]
[Round "8.2"]
[White "Galdunts, Sergey"]
[Black "Bosiocic, Marin"]
[Result "0-1"]
[WhiteElo "2424"]
[BlackElo "2619"]
[PlyCount "82"]
[EventDate "2017.10.21"]
[EventType "team-tourn"]
[EventRounds "10"]
[EventCountry "GER"]
[SourceTitle "CBM 183 Extra"]
[Source "ChessBase"]
[SourceDate "2018.04.19"]
[SourceVersion "1"]
[SourceVersionDate "2018.04.19"]
[SourceQuality "1"]
[WhiteTeam "Moerlenbach Birkenau"]
[BlackTeam "Schoenaich"]
[WhiteTeamCountry "GER"]
[BlackTeamCountry "GER"]

1. e4 c5 2. Nf3 e6 3. b3 b6 4. c4 Bb7 5. Nc3 d6 6. d4 cxd4 7. Nxd4 Nf6 8. Bd3 Be7 9. 0-0 0-0 10. Bb2 Nbd7 11. Re1 Rc8 12. Qd2 Re8 13. Rad1 a6 14. Bf1 Qc7 15. Qe3 Qb8 16. f4 Bf8 17. Qh3 Nc5 18. e5 dxe5 19. fxe5 Nfe4 20. Nf3 Red8 21. b4 Nxc3 22. Bxc3 Ne4 23. Nd2 Nxc3 24. Qxc3 a5 25. a3 Qc7 26. Rc1 axb4 27. axb4 g6 28. Ne4 Bxe4 29. Rxe4 Bh6 30. Rc2 Rd1 31. c5 bxc5 32. bxc5 Ra8 33. Kf2 Rd5 34. Be2 Bg7 35. Bf3 Rc8 36. Rc4 Rxe5 37. Qd3 Qa5 38. Kg3 Rexc5 39. Rxc5 Rxc5 40. Rxc5 Qxc5 41. Qd8+ Bf8 0-1

[Event "Oberliga Ost-B 1617"]
[Site "Germany"]
[Date "2017.05.06"]
[Round "10.2"]
[White "Langheinrich, Ferenc"]
[Black "Galdunts, Sergey"]
[Result "1/2-1/2"]
[WhiteElo "2381"]
[BlackElo "2415"]
[PlyCount "49"]
[EventDate "2016.10.16"]
[EventType "team-tourn"]
[EventRounds "11"]
[EventCountry "GER"]
[SourceTitle "EXT 2018"]
[Source "ChessBase"]
[SourceDate "2017.10.13"]
[SourceVersion "1"]
[SourceVersionDate "2017.10.13"]
[SourceQuality "1"]
[WhiteTeam "Erfurt Empor"]
[BlackTeam "Moerlenbach Birkenau"]
[WhiteTeamCountry "GER"]
[BlackTeamCountry "GER"]

1. d4 f5 2. Nf3 Nf6 3. g3 e6 4. Bg2 d5 5. c4 c6 6. 0-0 Bd6 7. b3 Qe7 8. Bb2 Nbd7 9. Qc1 0-0 10. Ba3 b6 11. Bxd6 Qxd6 12. Qb2 Bb7 13. Nbd2 Ne4 14. Rac1 a5 15. Nxe4 fxe4 16. Ne5 Nxe5 17. dxe5 Qe7 18. f3 c5 19. fxe4 d4 20. Qd2 h6 21. Rxf8+ Rxf8 22. Rf1 Rxf1+ 23. Kxf1 Qf7+ 24. Qf4 g5 25. Qxf7+ 1/2-1/2

[Event "WchT Seniors 50"]
[Site "Hersonissos"]
[Date "2017.04.30"]
[Round "7.3"]
[White "Galdunts, Sergey"]
[Black "Viljava, Tapani"]
[Result "1/2-1/2"]
[WhiteElo "2430"]
[BlackElo "2187"]
[PlyCount "67"]
[EventDate "2017.04.24"]
[EventType "team-swiss"]
[EventRounds "9"]
[EventCountry "GRE"]
[SourceTitle "CBM 178 Extra"]
[Source "ChessBase"]
[SourceDate "2017.06.22"]
[SourceVersion "1"]
[SourceVersionDate "2017.06.22"]
[SourceQuality "1"]
[WhiteTeam "Armenia"]
[BlackTeam "Finland"]
[WhiteTeamCountry "ARM"]
[BlackTeamCountry "FIN"]

1. e4 c5 2. Nf3 d6 3. d4 cxd4 4. Nxd4 Nf6 5. Nc3 e6 6. Be2 Nc6 7. 0-0 Be7 8. Be3 Bd7 9. Ndb5 Qb8 10. a4 0-0 11. f4 Rd8 12. Bf3 a6 13. Na3 Be8 14. Bb6 Rc8 15. Qe2 Nd7 16. Be3 Qc7 17. Rad1 Na5 18. Kh1 d5 19. Nab1 dxe4 20. Bxe4 Nc4 21. Bc1 Nf6 22. Bf3 Nb6 23. b3 Bc6 24. Bxc6 Qxc6 25. f5 Bb4 26. Na2 Bf8 27. fxe6 Qxc2 28. exf7+ Kxf7 29. Qxc2 Rxc2 30. Nac3 Kg8 31. Be3 Nbd7 32. Rd2 Rxd2 33. Nxd2 Re8 34. Bf2 1/2-1/2

[Event "Oberliga Ost-B 1617"]
[Site "Germany"]
[Date "2016.12.04"]
[Round "4.2"]
[White "Grafl, Florian"]
[Black "Galdunts, Sergey"]
[Result "1-0"]
[WhiteElo "2396"]
[BlackElo "2415"]
[PlyCount "75"]
[EventDate "2016.10.16"]
[EventType "team-tourn"]
[EventRounds "11"]
[EventCountry "GER"]
[SourceTitle "EXT 2018"]
[Source "ChessBase"]
[SourceDate "2017.10.13"]
[SourceVersion "1"]
[SourceVersionDate "2017.10.13"]
[SourceQuality "1"]
[WhiteTeam "Kassel"]
[BlackTeam "Moerlenbach Birkenau"]
[WhiteTeamCountry "GER"]
[BlackTeamCountry "GER"]

1. Nc3 g6 2. d4 Bg7 3. Bg5 d5 4. Qd2 Nc6 5. Nf3 Bg4 6. e3 a6 7. h3 Bxf3 8. gxf3 Qd6 9. 0-0-0 Nf6 10. e4 Nh5 11. e5 Qd7 12. h4 h6 13. Bh3 e6 14. Be3 Bf8 15. Ne2 a5 16. Bg4 a4 17. Bxh5 gxh5 18. Nf4 Na5 19. Nxh5 Qb5 20. c3 Nb3+ 21. axb3 axb3 22. Qe1 Ba3 23. bxa3 Rxa3 24. Nf6+ Ke7 25. Bg5 hxg5 26. Kd2 c5 27. Qf1 Qa5 28. Qd3 Ra2+ 29. Ke1 Rc2 30. Kf1 Rxc3 31. Qd2 Kd8 32. Kg2 Kc7 33. Rc1 cxd4 34. Qxd4 Rc2 35. Rxc2+ bxc2 36. Rc1 Rxh4 37. Rxc2+ Kd8 38. Ng4 1-0

[Event "Oberliga Ost-B 1617"]
[Site "Germany"]
[Date "2016.11.19"]
[Round "2.2"]
[White "Lubbe, Melanie"]
[Black "Galdunts, Sergey"]
[Result "0-1"]
[WhiteElo "2261"]
[BlackElo "2415"]
[PlyCount "68"]
[EventDate "2016.10.16"]
[EventType "team-tourn"]
[EventRounds "11"]
[EventCountry "GER"]
[SourceTitle "EXT 2018"]
[Source "ChessBase"]
[SourceDate "2017.10.13"]
[SourceVersion "1"]
[SourceVersionDate "2017.10.13"]
[SourceQuality "1"]
[WhiteTeam "Neuberg"]
[BlackTeam "Moerlenbach Birkenau"]
[WhiteTeamCountry "GER"]
[BlackTeamCountry "GER"]

1. e4 d6 2. d4 Nf6 3. Nc3 g6 4. Be3 a6 5. f3 Nbd7 6. Qd2 b5 7. g4 Nb6 8. g5 Nh5 9. b3 Bg7 10. Nge2 d5 11. Nxd5 Nxd5 12. exd5 Qxd5 13. Nc3 Qd8 14. Ne4 Bb7 15. Bg2 Bxe4 16. fxe4 e5 17. dxe5 Bxe5 18. 0-0-0 Qe7 19. Kb1 0-0 20. Qd7 Qa3 21. Bc1 Qc5 22. Rd5 Qc3 23. Rxe5 Qxe5 24. Bf3 Nf4 25. Qg4 Ne6 26. h4 c5 27. h5 Ra7 28. Be2 Re8 29. Bd3 Rc7 30. Rg1 c4 31. Be2 Nd4 32. Bf4 Qxe4 33. Bxc7 Qxc2+ 34. Ka1 cxb3 0-1

[Event "Biel MTO op 49th"]
[Site "Biel"]
[Date "2016.07.29"]
[Round "5"]
[White "Galdunts, Sergey"]
[Black "Bellahcene, Bilel"]
[Result "0-1"]
[WhiteElo "2415"]
[BlackElo "2498"]
[PlyCount "64"]
[EventDate "2016.07.25"]
[EventType "swiss"]
[EventRounds "9"]
[EventCountry "SUI"]
[SourceTitle "CBM 173 Extra"]
[Source "ChessBase"]
[SourceDate "2016.08.29"]
[SourceVersion "1"]
[SourceVersionDate "2016.08.29"]
[SourceQuality "1"]

1. e4 c5 2. Nf3 d6 3. d4 cxd4 4. Nxd4 Nf6 5. Nc3 a6 6. Be3 e5 7. Nf3 Qc7 8. a4 Be7 9. Be2 0-0 10. a5 Nc6 11. Bb6 Qd7 12. Nd2 Nd4 13. Nc4 Nxe2 14. Qxe2 Qc6 15. Qd3 Be6 16. Ne3 Rfe8 17. 0-0 Rac8 18. Ncd5 Bxd5 19. exd5 Qd7 20. c4 Bd8 21. Bxd8 Qxd8 22. b4 Nd7 23. Nf5 Qf6 24. f3 g6 25. Ng3 Qe7 26. Rfe1 f5 27. Nf1 e4 28. fxe4 Ne5 29. Qb3 Rxc4 30. exf5 Qh4 31. fxg6 hxg6 32. Rac1 Qd4+ 0-1

[Event "WchT Seniors 50"]
[Site "Radebeul"]
[Date "2016.07.04"]
[Round "9.1"]
[White "Galdunts, Sergey"]
[Black "Paehtz, Thomas Sr"]
[Result "1-0"]
[WhiteElo "2415"]
[BlackElo "2361"]
[PlyCount "65"]
[EventDate "2016.06.26"]
[EventType "team-swiss"]
[EventRounds "9"]
[EventCountry "GER"]
[SourceTitle "CBM 173 Extra"]
[Source "ChessBase"]
[SourceDate "2016.08.29"]
[SourceVersion "1"]
[SourceVersionDate "2016.08.29"]
[SourceQuality "1"]
[WhiteTeam "Armenia"]
[BlackTeam "Lasker Gesellschaft"]
[WhiteTeamCountry "ARM"]
[BlackTeamCountry "GER"]

1. e4 e6 2. d4 d5 3. Nc3 Bb4 4. e5 Ne7 5. Bd2 Nf5 6. Bd3 Nc6 7. Nf3 f6 8. Bxf5 exf5 9. exf6 Bxc3 10. Qe2+ Kf7 11. bxc3 Re8 12. Ne5+ Nxe5 13. dxe5 gxf6 14. Bf4 Qe7 15. 0-0 fxe5 16. Rfe1 e4 17. Rad1 Qf6 18. Rd3 Rg8 19. Rh3 Rg4 20. Rxh7+ Kg8 21. Rh6 Qg7 22. Qd2 c6 23. Kh1 Bd7 24. h3 Rg6 25. Rxg6 Qxg6 26. Re3 Kf7 27. Rg3 Qh7 28. Qd4 Rg8 29. Bg5 Qg7 30. Qxa7 Bc8 31. Qb8 Qf8 32. Qc7+ Ke6 33. Be7 1-0

[Event "WchT Seniors 50"]
[Site "Radebeul"]
[Date "2016.07.02"]
[Round "7.1"]
[White "Tischbierek, Raj"]
[Black "Galdunts, Sergey"]
[Result "0-1"]
[WhiteElo "2439"]
[BlackElo "2415"]
[PlyCount "92"]
[EventDate "2016.06.26"]
[EventType "team-swiss"]
[EventRounds "9"]
[EventCountry "GER"]
[SourceTitle "CBM 173 Extra"]
[Source "ChessBase"]
[SourceDate "2016.08.29"]
[SourceVersion "1"]
[SourceVersionDate "2016.08.29"]
[SourceQuality "1"]
[WhiteTeam "Germany"]
[BlackTeam "Armenia"]
[WhiteTeamCountry "GER"]
[BlackTeamCountry "ARM"]

1. e4 e5 2. Nf3 Nc6 3. Bb5 a6 4. Ba4 Nf6 5. 0-0 Be7 6. d3 b5 7. Bb3 d6 8. a3 0-0 9. Nc3 Bg4 10. Be3 Nd4 11. Bxd4 exd4 12. Nd5 Nd7 13. h3 Bxf3 14. Qxf3 Bg5 15. Qg3 Bh6 16. h4 Nc5 17. Ba2 Ne6 18. f4 c6 19. Nb4 Qc7 20. f5 Nc5 21. c3 dxc3 22. bxc3 Na4 23. d4 a5 24. Nc2 c5 25. Bb3 cxd4 26. Bxa4 bxa4 27. Nxd4 Rfe8 28. f6 g6 29. Nf5 Bf8 30. Rf4 Kh8 31. Ng7 Re5 32. Raf1 Qc5+ 33. Kh2 d5 34. h5 dxe4 35. hxg6 fxg6 36. Qh3 e3 37. Rh4 h5 38. Ne6 Qd6 39. Nf4 Qxf6 40. Qg3 Kh7 41. Nd5 Qxf1 42. Qxe5 e2 43. Re4 Ra6 44. g3 Qf2+ 45. Kh1 Bg7 46. Qe8 e1Q+ 0-1

[Event "WchT Seniors 50"]
[Site "Radebeul"]
[Date "2016.06.29"]
[Round "4.4"]
[White "Galdunts, Sergey"]
[Black "Ross, David"]
[Result "1/2-1/2"]
[WhiteElo "2415"]
[BlackElo "2296"]
[PlyCount "79"]
[EventDate "2016.06.26"]
[EventType "team-swiss"]
[EventRounds "9"]
[EventCountry "GER"]
[SourceTitle "CBM 173 Extra"]
[Source "ChessBase"]
[SourceDate "2016.08.29"]
[SourceVersion "1"]
[SourceVersionDate "2016.08.29"]
[SourceQuality "1"]
[WhiteTeam "Armenia"]
[BlackTeam "Canada"]
[WhiteTeamCountry "ARM"]
[BlackTeamCountry "CAN"]

1. e4 e6 2. d3 d5 3. Qe2 Nf6 4. Nf3 Be7 5. g3 c5 6. Bg2 Nc6 7. 0-0 0-0 8. e5 Nd7 9. c4 Re8 10. h4 f6 11. exf6 Bxf6 12. Bg5 h6 13. Bxf6 Nxf6 14. Ne5 Nd4 15. Qd1 b5 16. Nc3 Rb8 17. Ne2 Qd6 18. Nxd4 cxd4 19. Re1 bxc4 20. dxc4 Rxb2 21. cxd5 exd5 22. Qxd4 Rb4 23. Qc3 Ne4 24. Bxe4 Rxe4 25. Rxe4 dxe4 26. Nc4 Qd3 27. Rc1 Bg4 28. Ne3 Bf3 29. Qc7 Rd8 30. Qxa7 Kh7 31. Qa5 Rd7 32. h5 Rf7 33. Qd5 Qxd5 34. Nxd5 Rf5 35. Nf4 Bxh5 36. Nxh5 Rxh5 37. g4 Re5 38. Ra1 Ra5 39. Kf1 Kg6 40. Ke2 1/2-1/2

[Event "Oberliga Ost-B 1516"]
[Site "Germany"]
[Date "2016.04.09"]
[Round "10.2"]
[White "Galdunts, Sergey"]
[Black "Dorst, Johannes"]
[Result "1/2-1/2"]
[WhiteElo "2415"]
[BlackElo "2207"]
[PlyCount "39"]
[EventDate "2015.09.20"]
[EventType "team-tourn"]
[EventRounds "11"]
[EventCountry "GER"]
[SourceTitle "EXT 2017"]
[Source "ChessBase"]
[SourceDate "2016.10.25"]
[SourceVersion "1"]
[SourceVersionDate "2016.10.25"]
[SourceQuality "1"]
[WhiteTeam "Moerlenbach"]
[BlackTeam "Marburg"]
[WhiteTeamCountry "GER"]
[BlackTeamCountry "GER"]

1. e4 c5 2. Nc3 e6 3. Nf3 Nc6 4. d4 cxd4 5. Nxd4 Qc7 6. Be3 a6 7. g3 Nf6 8. Bg2 Be7 9. 0-0 0-0 10. f4 d6 11. Kh1 Nxd4 12. Qxd4 e5 13. Qb6 Qxb6 14. Bxb6 Be6 15. fxe5 dxe5 16. Bc7 Ng4 17. Nd5 Bc5 18. h3 Rac8 19. hxg4 Bxd5 20. Bxe5 1/2-1/2

[Event "Cesenatico op 19th"]
[Site "Cesenatico"]
[Date "2015.09.12"]
[Round "8"]
[White "Galdunts, Sergey"]
[Black "Roeder, Mathias"]
[Result "1-0"]
[WhiteElo "2415"]
[BlackElo "2395"]
[PlyCount "67"]
[EventDate "2015.09.05"]
[EventType "swiss"]
[EventRounds "9"]
[EventCountry "ITA"]
[SourceTitle "EXT 2016"]
[Source "ChessBase"]
[SourceDate "2015.10.08"]
[SourceVersion "1"]
[SourceVersionDate "2015.10.08"]
[SourceQuality "1"]

1. e4 c5 2. Nf3 d6 3. d4 cxd4 4. Nxd4 Nf6 5. Nc3 a6 6. Be3 e5 7. Nf3 Qc7 8. a4 Be7 9. Be2 0-0 10. 0-0 Nbd7 11. Nd2 b6 12. Bc4 Bb7 13. Qe2 Nc5 14. Rfc1 Rfc8 15. Ba2 Ne6 16. Nc4 Nd4 17. Qd3 b5 18. Nd2 b4 19. Bxd4 exd4 20. Ne2 d5 21. exd5 Nxd5 22. Bxd5 Bxd5 23. Nxd4 Bf6 24. c3 Qf4 25. Ne2 Qe5 26. cxb4 Rd8 27. Nc4 Qe6 28. Nf4 Bxc4 29. Qf3 Qd7 30. Rxc4 Bxb2 31. Re1 Qxa4 32. Nd5 Qd7 33. h4 Re8 34. Re7 1-0

[Event "Bodensee op"]
[Site "Bregenz"]
[Date "2015.05.16"]
[Round "7"]
[White "Galdunts, Sergey"]
[Black "Srienz, Christian"]
[Result "1-0"]
[WhiteElo "2418"]
[BlackElo "2236"]
[PlyCount "99"]
[EventDate "2015.05.09"]
[EventType "swiss"]
[EventRounds "9"]
[EventCountry "AUT"]
[SourceTitle "CBM 166 Extra"]
[Source "ChessBase"]
[SourceDate "2015.06.18"]
[SourceVersion "1"]
[SourceVersionDate "2015.06.18"]
[SourceQuality "1"]

1. e4 c5 2. Nc3 Nc6 3. Nge2 Nf6 4. d4 cxd4 5. Nxd4 e5 6. Ndb5 d6 7. Nd5 Nxd5 8. exd5 Nb8 9. c4 a6 10. Nc3 Be7 11. Bd3 0-0 12. 0-0 f5 13. f3 Nd7 14. Be3 Bg5 15. Bf2 Bh4 16. g3 Bg5 17. Be2 Qe7 18. Re1 e4 19. Bd4 Bh6 20. Bf1 Ne5 21. f4 Ng4 22. Bh3 Nf6 23. Be3 Qc7 24. Na4 g6 25. Nb6 Rb8 26. Qd2 Nd7 27. Qb4 Bg7 28. Nxd7 Qxd7 29. Bb6 Bf6 30. Rxe4 a5 31. Qxa5 Qg7 32. Re2 Bxb2 33. Rd1 Bd7 34. Qb4 Bc3 35. Qxd6 Ba4 36. Re7 Qxe7 37. Qxe7 Bxd1 38. Qe6+ Kh8 39. Qe3 Bg7 40. Bd4 Ba4 41. Qc3 Bxd4+ 42. Qxd4+ Kg8 43. c5 Bc2 44. Bf1 Be4 45. Bc4 h5 46. c6 bxc6 47. dxc6+ Kh7 48. c7 Rb1+ 49. Kf2 Bb7 50. Qd7+ 1-0